| 000 | 01843cam a22004574i 4500 | ||
|---|---|---|---|
| 003 | PE-LiUPU | ||
| 005 | 20250731173106.0 | ||
| 008 | 150623s r 000 0 d | ||
| 020 | _a0931464005 | ||
| 035 | _a(Sirsi) i9780931464003 | ||
| 040 |
_aPE-LiUPU _bspa _cPE-LiUPU _erda |
||
| 049 | _aPRUA | ||
| 082 | 0 | 4 |
_a221.48 _bJ37 _221 |
| 100 | 1 |
_aJellicoe, Sidney, _eautor. |
|
| 245 | 1 | 4 |
_aThe septuagint and modern study / _cSidney Jellicoe. |
| 264 | 1 |
_aWinoma Lake, Indiana : _bEisenbrauns, _c1993. |
|
| 300 |
_a425 páginas ; _c23 centímetros |
||
| 336 |
_atext _2rdacontent |
||
| 337 |
_aunmediated _2rdamedia |
||
| 338 |
_avolume _2rdacarrier |
||
| 504 | _aIncluye bibliografía. | ||
| 505 | 0 | _aIntroduction. Modern study-its antecedents, beginnings, and development. -Origins and transmission- history: septuagint origins: the letter of Aristeas. Modern theories of origin. Early revisions. Origin and the hexapla. The trifaria varietas. -Text and language: Manuscrpts of the septuagint. The versions. The books of the septuagint. modern editions and text-critical studies. Language and style. The current situation in septuagint studies. | |
| 526 | _aSEG42 | ||
| 526 | _aSEG41 | ||
| 526 | _aSEG40 | ||
| 526 | _aSEG39 | ||
| 526 | _aP94 | ||
| 526 | _aP87 | ||
| 526 | _aP86 | ||
| 526 | _aP85 | ||
| 526 | _aP77 | ||
| 526 | _aP76 | ||
| 526 | _aP35 | ||
| 630 |
_aBiblia. _lGriego. _sSeptuaginta. |
||
| 942 |
_2ddc _cBOOK |
||
| 949 |
_a221.48 J37 _wDEWEY _c1 _i49480 _lCCODEBUL1 _mBUL _r0 _sY _tBOOK _u2015-6-24 _xTEOLOGIA _PP35 _0COMPRA _o.STAFF. Colección General |
||
| 994 |
_aC0 _bPEPRU |
||
| 596 | _a1 | ||
| 999 |
_a221.48 J37 _wDEWEY _c30131 _i49480 _f2021-11-9 _g5 _lCCODEBUL1 _mBUL _r0 _sY _tBOOK _u2015-6-24 _xTEOLOGIA _PP35 _0COMPRA _o.STAFF. Colección General _d30131 |
||
| 980 |
_81 _gALBERTO SANCHEZ Responsable de Automatización |
||